Wrestlers by Past Gimmicks - Statistics

General Stats
  • This quiz has been taken 124 times
  • The average score is 18 of 25
Answer Stats
Past Gimmicks Wrestler % Correct
Dude Love, Cactus Jack, Mankind Mick Foley
94%
The Prototype, Doctor of Thuganomics John Cena
92%
Ringmaster, Stunning Steve Steve Austin
92%
Flex Kavana, Rocky Maivia The Rock
92%
Terra Ryzing, Jean-Paul Levesque Triple H
89%
Fuego II, Stardust Cody Rhodes
86%
Texas Red, Mean Mark Callous The Undertaker
84%
Terry Boulder, Mr. America Hulk Hogan
83%
The Great Oz, Vinnie Vegas, Diesel Kevin Nash
82%
Joe Anoai, Leakee Roman Reigns
82%
Isaac Yankem DDS, Unabomb Kane
81%
Razor Ramon, Diamond Studd Scott Hall
81%
Dean Ambrose Jon Moxley
80%
Kevin Steen Kevin Owens
76%
Rami Sebei, El Generico Sami Zayn
71%
Tyler Black, Gixx Seth Rollins
71%
Willow, Brother Nero, Itchweed Jeff Hardy
68%
Prince Devitt, Pegasus Kid Finn Balor
63%
Komeera, Rebecca Knox Becky Lynch
62%
Buddy Hart Bret Hart
62%
Super Liger, Corazon de Leon, Lionheart Chris Jericho
61%
Sexton Hardcastle, Adam Impact Edge
47%
Flash Borden, Flash, Steve Borden Sting
45%
Leviathan, Khan Batista
43%
Black Tiger, Mascara Magica Eddie Guerrero
34%
No matching quizzes found
Score Distribution
Percent of People with Each Score
Percentile by Number Answered
Your Score History
You have not taken this quiz